00511nam a22001697a 450000500170000001000140001702000260003103500130005703700130007008200130008310000190009624500820011526000340019727000480023130000430027950000190032220100724125255.0 aENG-96631 a9788120338036c395.00 aEN-80164 bDBAD/PUB a005.7585 aCameron, Scott aMicrosoft SQL server 2008 analaysis services step by step /cby Scott Cameron aNew DelhibPHI Learningc2009 aM-97, Connaught Circus,bNew Delhi e110001 axix,418p.bill.c24cm, (pbk)e1 CD-ROM aincludes index